Statistiques concernant Joueur ayant joué France Argentine CDM 2022

Cliquez ici pour prendre le quiz!

Statistiques générales

  • Ce quiz a été pris 466 fois
  • Le résultat moyen est 23 sur 35

Statistiques - réponses

PaysPosteJoueur% Correct
FranceGardienHugo Lloris
98%
FranceAttaquantKylian Mbappé
97%
ArgentineAttaquantLionel Messi
96%
FranceMilieuAntoine Griezmann
91%
FranceAttaquantOlivier Giroud
90%
ArgentineGardienEmiliano Martinez
89%
ArgentineRemplaçantLautaro Martinez
89%
FranceDéfenseurRaphaël Varane
89%
FranceDéfenseurThéo Hernandez
88%
FranceRemplaçantRandal Kolo Muani
85%
ArgentineAttaquantÁngel Di María
84%
FranceDéfenseurDayot Upamecano
84%
FranceDéfenseurJules Koundé
84%
FranceAttaquantOusmane Dembélé
83%
FranceMilieuAdrien Rabiot
82%
FranceMilieuAurélien Tchouaméni
81%
FranceRemplaçantEduardo Camavinga
74%
FranceRemplaçantIbrahima Konaté
73%
FranceRemplaçantKingsley Coman
72%
FranceRemplaçantMarcus Thuram
63%
ArgentineAttaquantJulian Alvarez
60%
ArgentineMilieuEnzo Fernandez
55%
ArgentineDéfenseurNicolas Otamendi
54%
ArgentineMilieuRodrigo de Paul
54%
ArgentineRemplaçantPaulo Dybala
45%
FranceRemplaçantYoussouf Fofana
45%
ArgentineMilieuAlexis Mac Allister
43%
ArgentineDéfenseurNicolás Tagliafico
41%
ArgentineDéfenseurCristian Romero
40%
ArgentineRemplaçantLeandro Paredes
39%
ArgentineRemplaçantMarcos Acuña
39%
ArgentineRemplaçantGonzalo Montiel
33%
ArgentineDéfenseurNahuel Molina
33%
FranceRemplaçantAxel Disasi
32%
ArgentineRemplaçantGermán Pezzella
8%

Distribution des résultats

Percentile par nombre de réponses

% des personnes avec chaque résultat

Votre développement - résultats

Vous n’avez pas pris ce quiz